00757nam a2200229Ia 45000010006000000050017000060070003000230080041000260400025000670410008000920820020001001000033001202450092001532500013002452600050002583000019003086530023003276530016003509420012003669520132003789990017005104944520240114003951.0ta090526s g b000 u 465 u aCotton College,Assam a465 a822.66bSh 53 P aSheridan, Richard Brinsley . 0aThe Plays of Richard Brinsley Sheridan /cRichard Brinsley Sheridan.hTextual Documents a1st ed / aLondon :bGeorge Routledge & Sons, Ltd ,cnd. a376p ;c24 cm. aEnglish Literature aT/G-English 2ddccBK 001040708Circulation (T/G)aSKBLbSKBLd2012-02-01f00000l0o822.66 Sh 53 Pp14/Oldr2024-01-14 00:00:00t1w2012-02-01yBK c49410d49410